000 00381nam a2200121Ia 4500
008 260427s2021 xx 000 0 und d
041 _ahin
082 _a398.2
100 _aगो. वि. कुलकर्णी
245 _aआवाज कोणाचा
260 _bअभिनंदन प्रकाशन, कोल्हापूर
_c2021
300 _aSoft/P-260
999 _c1221088
_d1221088